Регионална библиотека "Любен Каравелов" - Русе

Универсален алманах (Запис номер 12220)

MARC детайли
000 -Лидер
Контролно поле с фиксирана дължина 01735nam a2200373 c 4500
003 - Код на организацията, давaща контролен номер
Контролно поле BLK
005 - Дата и час на последна редакция
Контролно поле 20180422094345.0
008 - Елементи от данни с фиксирана дължина
fixed length control field 180412b bul|||||r ||||||| ||bul||
010 ## - Наследен системен номер
LC control number KNG00013807000
020 ## - Международен стандартен номер на книга ISBN
Международен стандартен номер на книга ISBN 954-584-187-7
-- издат.: Абагар Холдинг
040 ## - Източник на каталожния запис
Идентификатор на билиотеката - собственик на записа BLK
041 ## - Код за език
Код за езика на текст/звукозапис или на отделно заглавие Български
Код за езика КДБФ Български
080 ## - УДК
Текстов определител УДК Алманаси. Календари. Отраслови календари се класифицират по тема с определител (059). Вж и 529
УДК код - определител по УДК 059
УДК определител
УДК - код + определител 059
139 ## - Редно поле
Редна дума Универсален алманах
Авторски знак Уни - У 63
245 10 - Сведения за заглавието
Заглавие Универсален алманах
Редно поле (дума) състав. Дебора Кепъл; глав. ред. Джон Райт; прев. от англ. Евгени Александров.
257 ## - Страна на издаване
Страна на създаване/издаване Съединени американски щати
260 ## - Област на издателските данни
-- София
Име на издателя, разпространителя и проч. Абагар Холдинг
Година на издаване 1996
300 ## - Физическа характеристика
Страници 480 с.
Илюстрации и др. с табл.
Размери/Мащаб 23 см
380 ## - Жанр
Жанр Общ отдел
500 ## - Общи забележки
Забележка Ориг. загл. The Universal Almanac. - Други състав.: Л. Пейн, Г. Гендзъл, Е. Годош, Т. ЛаРоса, Ст. Личмън, Л. Ренод, Дж. Розентал, М. Розентал, отбелязани на гърба на загл. с. - 1 100 тир
650 #4 - Допълнително описание по предмет – тема
Основно описание – тема или топоним Справочници
9 (RLIN) 171803
653 ## - Ключова дума – ненормативна
Ключова дума история
653 ## - Ключова дума – ненормативна
Ключова дума наука
653 ## - Ключова дума – ненормативна
Ключова дума технологии
653 ## - Ключова дума – ненормативна
Ключова дума спорт
700 1# - Други автори (авторска отговорност)
Лично име Кепъл, Дебора
Автороска отговорност (Описва отношението между автора и произведението) състав.
9 (RLIN) 78264
700 1# - Други автори (авторска отговорност)
Лично име Райт, Джон
Автороска отговорност (Описва отношението между автора и произведението) глав. ред.
9 (RLIN) 364597
700 1# - Други автори (авторска отговорност)
Лично име Александров, Евгени
Автороска отговорност (Описва отношението между автора и произведението) прев. от англ.
9 (RLIN) 363652
852 ## - Местоположение
Форматна сигнатура Цб 189976
856 4# - Електронен адрес и достъп
Електронен формат pdf - файл
Път до файла /url/
856 4# - Електронен адрес и достъп
Електронен формат pdf - файл
Път до файла /url/
942 ## - АРТИКУЛИ
Вид на библиотечния материал Книги
Скрит в OPAC Не
944 ## - СЪЗДАВАНЕ И РЕДАКЦИЯ на ЗАПИСА
Създаване/Редакция Създаване
Дата на регистрацията/редакция 15.01.2003
Служител, извършил регистрацията/редакцията Ренета_Константинова
944 ## - СЪЗДАВАНЕ И РЕДАКЦИЯ на ЗАПИСА
Създаване/Редакция Редакция
Дата на регистрацията/редакция 23.06.2011
Служител, извършил регистрацията/редакцията
999 ## - СИСТЕМНИ КОНТРОЛНИ НОМЕРА
Koha biblionumber 12220
Koha biblioitemnumber 12220
Наличности
Код за отписване Код за изгубен артикул Източник на класификационната схема Код за повреда Коз за рестрикции Код за отдаване Артикулен № Име на библиотеката - собственик Име на библиотеката, в която се намира в момента Статус (Текущо местоположение) Дата на вписване в системата Местоположение - отдел Цена в лева Инвентарен номер Систематично азбучна сигнатура Баркод Номер на екземпляра Цена в евро Служебен тип на артикула Служебна бележка
  Не е изгубен Universal Decimal Classification Не е повреден без рестрикции ползва се в читалня 21176 Регионална библиотека "Любен Каравелов" Русе Регионална библиотека "Любен Каравелов" Русе Хранилище 2001-01-01 Хранилище 0.00 626084 Цб 189976 120000626084 1 0.00 Книги  
  Не е изгубен Universal Decimal Classification Не е повреден само за читалня ползва се в читалня 21177 Регионална библиотека "Любен Каравелов" Русе Регионална библиотека "Любен Каравелов" Русе СБИД 2001-01-01 СБИД 9.60 626668 С 05/У 59 120000626668 2 4.91 Книги Дата инв: 08.06.2017 Бележки инв: С2017
  Не е изгубен Universal Decimal Classification Не е повреден без рестрикции ползва се в читалня 21178 Регионална библиотека "Любен Каравелов" Русе Регионална библиотека "Любен Каравелов" Русе Читалня - справочен фонд 2001-01-01 Читалня 8.00 631300 СЧ 0/У 59 120000631300 3 4.09 Книги Дата инв: 21.03.2017 Бележки инв: СЧ2017
Изтеглен Не е изгубен Universal Decimal Classification Не е повреден без рестрикции заемане за дома 21179 Регионална библиотека "Любен Каравелов" Русе Регионална библиотека "Любен Каравелов" Русе Заемна - подръчен фонд 2001-01-01 Заемна - подръчен фонд 8.00 631301 05/У 59 120000631301 4 4.09 Книги Дата инв: 15.02.2018 Бележки инв: СП2018
Vip Innovations Ltd, Rousse, Bulgaria 2025